000 01045nam a2200265Ia 4500
003 OSt
005 20220923211316.0
006 a|||||r|||| 00| 0
007 ta
008 220922b |||||||| |||| 00| 0 ben d
020 _a9788181436702 (hbk)
_c125
024 _a246,163
037 _b373, 17/02/2011, Vani Prakashan
_cTextual
040 _aARTS
_cARTS
_bben
041 _2ben
_aben
082 _aO157,3N26,HE, 152P8
100 _aमहाश्वेता देवी; गुप्ता, सुशील, अनु.
245 0 _aहीरो - एक ब्लू प्रिंट
246 _aHīro - ek blū prianṭa
260 _aनयी दिल्ली
_b वाणी प्रकाशन
_c2008
300 _a96पृ0
_ccm.
650 _aबंगाली साहित्य
_9156264
942 _hO157,3N26,HE, 152P8
_cTEXL
_2CC
999 _c298367
_d298367